| 000 | 005680000a22001810004500 | ||
|---|---|---|---|
| 003 | MACL | ||
| 005 | 20160526131330.0 | ||
| 008 | 160526b xxu||||| |||| 00| 0 eng d | ||
| 040 |
_aMACL _cMACL |
||
| 041 | _aHindi | ||
| 082 | _a891.433 | ||
| 100 |
_aपटेल, पन्नालाल _956964 |
||
| 245 |
_aपार्थ से कहो चढाए बाण _cपन्नालाल पटेल |
||
| 260 |
_bकिताब घर _c1993 _aदिल्ली |
||
| 350 | _a75 | ||
| 650 |
_aNovel _959735 |
||
| 942 |
_cHIN _k891.433/AGY/N _2ddc |
||
| 999 |
_c20127 _d20127 |
||